000 00575nam a2200193Ia 4500
005 20250508163815.0
008 008 250505s9999 xx 000 0 eng d
037 _aTextual
040 _aFEDL
_beng
_cFEDL
041 _aeng
_2eng
084 _a305.4, KHA
_qFEDL
100 _aNighat Said Khan Ed.
_9776413
245 0 _aLocating the self : Perspectives on women and multiple identities
260 _aLahore, Pakistan
_bASR Publications
_c1994
300 _a214p.
650 _aSocial Structure
942 _cTEXL
_h305.4, KHA
999 _c1385371
_d1385371